[Event "Millennium Festival"]
[Site "Virginia Beach USA"]
[Date "2007.03.04"]
[Round "4"]
[White "Shibut,M"]
[Black "Barnett,A"]
[Result "1-0"]
[WhiteElo "2309"]
[BlackElo "2272"]

1.e4 c5 2.c3 Nf6 3.e5 Nd5 4.d4 cxd4 5.Nf3 d6 6.cxd4 e6 7.a3 h6 8.Bd3 Qc7
9.O-O Bd7 10.Bd2 Bc6 11.Nc3 Nxc3 12.Bxc3 Nd7 13.Re1 Rd8 14.Rc1 dxe5 15.d5 Nc5
16.Bxe5 Qd7 17.Rxc5 Bxc5 18.dxc6 Qxc6 19.Qc2 O-O 20.b4 Bb6 21.Bh7+ Kh8 22.Qxc6 bxc6
23.Be4 c5 24.Bc3 Kg8 25.Kf1 Rd6 26.Ne5 Rfd8 27.Nc4 Rd1 28.Nxb6 cxb4 29.axb4 axb6
30.Rxd1 Rxd1+ 31.Ke2 Rc1  1-0

[Event "ch-TUR"]
[Site "Ankara TUR"]
[Date "2007.03.09"]
[Round "9"]
[White "Tanrikulu,S"]
[Black "Secer,A"]
[Result "1/2-1/2"]
[WhiteElo "2131"]
[BlackElo "2287"]

1.e4 c5 2.c3 Nf6 3.e5 Nd5 4.d4 cxd4 5.Nf3 e6 6.cxd4 b6 7.Bd3 Ba6 8.Bxa6 Nxa6
9.Nc3 Nac7 10.Ne4 Be7 11.Bg5 f6 12.exf6 Nxf6 13.Bxf6 gxf6 14.Nc3 Bb4 15.Qb3 Qe7
16.O-O O-O 17.Rfe1 Kh8 18.Re4 Rg8 19.Rd1 Rac8 20.a3 Bxc3 21.bxc3 b5 22.g3 Qd6
23.Rh4 Nd5 24.Qxb5 Rxc3 25.Nd2 Qe7 26.Re1 Qg7 27.Nc4 Ne7 28.Qb4 Rf3 29.Nd6 Nd5
30.Qb7 Rxa3 31.Rxe6 Rb3 32.Qxd5 Rb1+ 33.Kg2 dxe6 34.Qxe6 Rf8 35.d5 Rb6 36.Rc4 Qg8
37.Qxg8+ Kxg8 38.Nf5 Rb7 39.d6 a5 40.Ne7+ Kf7 41.Nc6 Ra8 42.Ra4 Ke6 43.Rxa5 Rxa5
44.Nxa5 Rb4 45.Nc6 Rc4 46.Ne7 Rc5 47.g4 Kxd6 48.Nf5+ Ke5 49.Kg3 Rc1 50.f3 h5
51.h3 hxg4 52.hxg4 Rc7 53.Nh4 Rg7  1/2-1/2

[Event "I Open"]
[Site "La Laguna ESP"]
[Date "2007.03.10"]
[Round "7"]
[White "Meijers,V"]
[Black "Cabrera Trujillo,J"]
[Result "1-0"]
[WhiteElo "2453"]
[BlackElo "2279"]

1.e4 c5 2.c3 Nf6 3.e5 Nd5 4.d4 cxd4 5.Nf3 Nc6 6.cxd4 d6 7.Bc4 e6 8.O-O Be7
9.exd6 Qxd6 10.Nc3 Nxc3 11.bxc3 b6 12.Re1 Bb7 13.Ng5 Na5 14.Qh5 g6 15.Bb5+ Bc6
16.Bxc6+ Qxc6 17.Qh6 Qxc3 18.Be3 Bf8 19.Qh3 Qc4 20.Qf3  1-0

[Event "I Open"]
[Site "La Laguna ESP"]
[Date "2007.03.12"]
[Round "9"]
[White "Gaponenko,I"]
[Black "Lopez Pereyra,A"]
[Result "1-0"]
[WhiteElo "2450"]
[BlackElo "2145"]

1.e4 c5 2.c3 Nf6 3.e5 Nd5 4.Nf3 Nc6 5.d4 cxd4 6.cxd4 d6 7.Bc4 Nb6 8.Bb3 dxe5
9.d5 Na5 10.Nc3 Nxb3 11.Qxb3 e6 12.Nxe5 exd5 13.O-O Bd6 14.Qb5+ Kf8 15.Re1 Be6
16.Bf4 Kg8 17.Rad1 Qf6 18.Bg3 h5 19.h4 Rc8 20.Re3 Qf5 21.Qe2 Bxe5 22.Rxe5 Qg4
23.Qe1 Rh6 24.Rg5 Qb4 25.Qe2 Rc4 26.Qe5 Qf8 27.Bf4 Nd7 28.Qe3 Nf6 29.b3 Rc6
30.Nb5 Ng4 31.Qd4 f6 32.Rxd5 Bxd5 33.Qxd5+ Kh7 34.Bxh6 Kxh6 35.Nd4 Qc5 36.Qe4 g6
37.g3 Rd6 38.Qe8 Kh7 39.Qf7+ Kh8 40.Qf8+ Kh7 41.Re1 Ne5 42.Ne6 Rxe6 43.Qxc5 Nf3+
44.Kf1 Rxe1+ 45.Kg2 Ne5 46.Qe7+ Kh6 47.Qxf6 Ng4 48.Qh8+  1-0

[Event "56th ch-BUL w"]
[Site "Pernik BUL"]
[Date "2007.03.12"]
[Round "2"]
[White "Jordanova,S"]
[Black "Nikolova,A"]
[Result "1/2-1/2"]
[WhiteElo "2245"]
[BlackElo "2204"]

1.e4 c5 2.c3 Nf6 3.e5 Nd5 4.Nf3 e6 5.d4 cxd4 6.cxd4 d6 7.Bc4 Nc6 8.O-O Be7
9.Qe2 O-O 10.Re1 a6 11.Qe4 Bd7 12.a3 Na5 13.Ba2 Rc8 14.Nbd2 Bc6 15.Qg4 b5
16.Ne4 Kh8 17.Bg5 dxe5 18.dxe5 Bxg5 19.Nfxg5 h6 20.Rad1 Nc4 21.Qh5 Qe7 22.Bxc4 bxc4
23.Nf3 Nf4 24.Qg4 Nd3 25.Re2 Bxe4 26.Qxe4 Rb8 27.Rdd2 Rfc8 28.h3 Qc7 29.Rc2 Rb6
30.Red2 Nxb2 31.Kh2 Na4 32.Rxc4 Nc5 33.Qc2 Rc6 34.g3 g6 35.h4 Kg7 36.Nd4 Rb6
37.h5 Qxe5 38.hxg6 fxg6 39.Nf3 Qh5+ 40.Kg2 Kh7 41.Rd7+ Nxd7 42.Rxc8 Qd5 43.Qc3 e5
44.Rc7 Rf6 45.Ra7 g5 46.Kf1 Qd1+ 47.Ne1 Kg6 48.Qc4 Rf7 49.Rxa6+ Nf6 50.Qe4+ Kh5
51.Qf5 Qg4 52.Qf3 e4 53.Qh1+ Kg6 54.Qg2 Kg7 55.Kg1 Qe2 56.Qf1 Qxf1+ 57.Kxf1 Ng4
58.Ra4 Nxf2 59.Kg2 e3 60.Ra8 Ne4 61.Re8 Rf2+ 62.Kg1 Nxg3 63.Rxe3 Re2 64.Rxe2 Nxe2+
65.Kf2 Nc3 66.Nd3 Na4 67.Ne5 Kf6 68.Ng4+ Kg6 69.Kg3 h5 70.Ne3 Nc5 71.Kf3 Kf6
72.Nd5+ Ke5 73.Ne3 Ke6 74.Nc4 Kf5 75.Ne3+ Ke5 76.Nc4+ Kd4 77.Ne3 Kd3 78.Nd5 g4+
79.Kg3 Ne4+ 80.Kh4 g3 81.Kh3 Ke2 82.Kg2 h4 83.Nf4+ Ke3 84.Nd5+ Kd4 85.Ne7 Nd6
86.Ng6 Nf5 87.Nxh4 Nxh4+  1/2-1/2

[Event "56th ch-BUL w"]
[Site "Pernik BUL"]
[Date "2007.03.15"]
[Round "6"]
[White "Jordanova,S"]
[Black "Genova,R"]
[Result "1/2-1/2"]
[WhiteElo "2245"]
[BlackElo "2243"]

1.e4 c5 2.c3 Nf6 3.e5 Nd5 4.Nf3 d6 5.d4 cxd4 6.cxd4 Nc6 7.Bc4 e6 8.O-O Be7
9.Qe2 Nb6 10.Bb3 dxe5 11.dxe5 Bd7 12.Nc3 a6 13.Rd1 Qc7 14.Be3 Rd8 15.Rac1 Bc8
16.Nd4 O-O 17.Nxc6 bxc6 18.Qg4 Rxd1+ 19.Bxd1 Nd5 20.Qg3 Rd8 21.Bh6 g6 22.Bb3 Nxc3
23.Qxc3 Bb7 24.Be3 c5 25.f3  1/2-1/2

[Event "ch-RUS U20 Girls"]
[Site "Saint Petersburg RUS"]
[Date "2007.03.15"]
[Round "6"]
[White "Burtasova,A"]
[Black "Shlakich,A"]
[Result "1-0"]
[WhiteElo "2314"]
[BlackElo "2225"]

1.e4 c5 2.c3 Nf6 3.e5 Nd5 4.Nf3 e6 5.Bc4 d6 6.d4 cxd4 7.cxd4 Nb6 8.Bb3 dxe5
9.Nxe5 Nc6 10.Nf3 Be7 11.Nc3 Bf6 12.Be3 O-O 13.Ne4 Be7 14.O-O Nd5 15.Rc1 Na5
16.Bc2 Nc4 17.Qd3 Ncxe3 18.fxe3 f5 19.Nc3 Nb4 20.Qc4 Nxc2 21.Rxc2 Bd7 22.Ne5 Bd6
23.Rd2 Rf6 24.e4 fxe4 25.Rxf6 gxf6 26.Nxd7 Qxd7 27.Nxe4 Be7 28.d5 Kf7 29.d6 Bd8
30.h3 Rc8 31.Qe2 e5 32.Qh5+ Kf8 33.Kh2 Rc4 34.Nc3 Rd4 35.Rxd4 exd4 36.Ne4 f5
37.Qh6+ Qg7 38.Qf4 Qf7 39.Nc5 Qd5 40.Qh6+ Kg8 41.Nd3 Qe4 42.Qc1 Qd5 43.Qf4 Qe4
44.Qg3+ Kf7 45.d7 f4 46.Qxf4+ Qxf4+ 47.Nxf4 Ke7 48.Kg3 Kxd7 49.Kf3 Kc6 50.Ke4 Bf6
51.g4 a5 52.b3 Kc5 53.Nd3+ Kd6 54.Kf5 Bh4 55.g5 Kd5 56.a4 b6 57.Kf4 Bxg5+
58.Kxg5 Ke4 59.Nb2 Ke3 60.h4 Kd2 61.h5 Kc2 62.Nc4 Kxb3 63.Nd2+ Kc2 64.Nf3 d3
65.Kh6 b5 66.axb5 a4 67.b6 a3 68.b7 a2 69.Nd4+ Kc3 70.b8=Q a1=Q 71.Qc7+ Kb2
72.Qb6+ Ka2 73.Qb3+  1-0

[Event "56th ch-BUL w"]
[Site "Pernik BUL"]
[Date "2007.03.17"]
[Round "8"]
[White "Jordanova,S"]
[Black "Savova,S"]
[Result "1-0"]
[WhiteElo "2245"]
[BlackElo "2189"]

1.e4 c5 2.c3 Nf6 3.e5 Nd5 4.Nf3 e6 5.d4 cxd4 6.cxd4 d6 7.Bc4 Nb6 8.Bd3 Nc6
9.a3 h6 10.Nc3 d5 11.Bc2 Bd7 12.h4 Na5 13.Rh3 Rc8 14.Ng1 Nc6 15.Nge2 a6 16.Qd3 Ne7
17.Ng3 Nc4 18.Qf3 Qb6 19.Nge2 Qc6 20.Qf4 h5 21.Qf3 b5 22.Rb1 Qb6 23.b3 Na5
24.Bd2 Nac6 25.Qf4 g6 26.b4 Rh7 27.Be3 Bh6 28.Qf6 Bg7 29.Qf4 Bh6 30.Qf3 Bg7
31.Bd3 Qa7 32.Kf1 Qb6 33.Kg1 Qb7 34.Nf4 Nxe5 35.dxe5 Rxc3 36.Bc5 Nf5 37.Qe2 Rxc5
38.bxc5 Qc7 39.Bxf5 gxf5 40.Nd3 Bc6 41.f4 d4 42.Qf2 Bf8 43.Rg3 Qd8 44.Rg5 Be4
45.Rd1 a5 46.Qb2 Qd7 47.Rg8 Rg7 48.Rxg7 Bxg7 49.Qd2 Qa7 50.Rc1 Bc6 51.Ne1 Qd7
52.Qxa5 Bf8 53.Qd2 Be7 54.Nf3 d3 55.Kh2 Be4 56.Ng5 Qc6 57.Qf2 Bd5 58.Nh7 Bc4
59.Qg3 Qxc5 60.Qg8+ Kd7 61.Qxf7 Qe3 62.Nf6+ Kc6 63.Qxe6+ Kc5 64.Qxe7+ Kc6
65.Rxc4+ bxc4 66.Qd7+  1-0

[Event "56th ch-BUL w"]
[Site "Pernik BUL"]
[Date "2007.03.17"]
[Round "8"]
[White "Stefanova,M"]
[Black "Nikolova,A"]
[Result "0-1"]
[WhiteElo "2034"]
[BlackElo "2204"]

1.e4 c5 2.c3 Nf6 3.e5 Nd5 4.Bc4 e6 5.d4 d6 6.Nf3 cxd4 7.cxd4 Nc6 8.O-O Be7
9.a3 Bd7 10.Re1 O-O 11.Nc3 Nxc3 12.bxc3 dxe5 13.Nxe5 Nxe5 14.Rxe5 Qc7 15.Bd3 Qxc3
16.Be3 Rac8 17.Rb1 b6 18.Rb3 Qc7 19.g4 Ba4 20.Bf4 Bd6 21.Qb1 f5 22.Rb2 Bxe5
23.dxe5 fxg4 24.Bxh7+ Kh8 25.Rb4 Bc2 26.Bxc2 Qxc2 27.Qxc2 Rxc2 28.Be3 Ra2
29.a4 Rf5 30.Re4 Rb2 31.Kg2 a5 32.Rxg4 Rb4 33.h3 Rxe5 34.Bd4 Rf5 35.Bxg7+ Kh7
36.Bd4 e5 37.Be3 Rxg4+ 38.hxg4 Rf6 39.g5 Rc6 40.Kf3 Rc4 41.Bxb6 Rxa4 42.Bd8 Kg6
43.Ke3 Kf5 44.f3 Ra3+ 45.Ke2 a4 46.Be7 Ra2+ 47.Kd3 Ra1  0-1

[Event "31st Conference"]
[Site "Blackpool ENG"]
[Date "2007.03.18"]
[Round "5"]
[White "Lyell,M"]
[Black "Parmar,A"]
[Result "1/2-1/2"]
[WhiteElo "2212"]
[BlackElo "1979"]

1.e4 c5 2.c3 Nf6 3.e5 Nd5 4.d4 cxd4 5.Nf3 d6 6.cxd4 Nc6 7.Bc4 e6 8.O-O Be7
9.Qe2 O-O 10.Nc3 Nb6 11.Bd3 dxe5 12.dxe5 Nb4 13.Be4 N4d5 14.Rd1 Qd7 15.Be3 Nxc3
16.bxc3 Qc7 17.Rd3 Nd7 18.Bg5 Nc5 19.Rd4 Nxe4 20.Qxe4 h6 21.Bxe7 Qxe7 22.Rad1 Rb8
23.Qd3 b6 24.Nd2 Bb7 25.Ne4 Bxe4 26.Qxe4 Qa3 27.g3 Qxc3 28.Rd7 a5 29.Kg2 b5
30.Ra7 a4 31.Rdd7 Qb2 32.Qf4 Kh8 33.g4 Qxa2 34.h4 Qc2 35.Rxf7 Rxf7 36.Rxf7 Qg6
37.h5 Qg5 38.Qxg5 hxg5 39.Ra7  1/2-1/2

[Event "TCh-ARM"]
[Site "Yerevan ARM"]
[Date "2007.03.18"]
[Round "5"]
[White "Khachatryan,V"]
[Black "Anastasian,A"]
[Result "0-1"]
[WhiteElo "2315"]
[BlackElo "2587"]

1.e4 c5 2.c3 Nf6 3.e5 Nd5 4.d4 cxd4 5.Nf3 Nc6 6.Bc4 Nb6 7.Bb3 d5 8.exd6 Qxd6
9.O-O d3 10.Na3 Bf5 11.Nb5 Qd7 12.Bf4 O-O-O 13.Bc7 e5 14.Bxd8 Qxd8 15.Bxf7 a6
16.Na3 e4 17.Nd2 Qf6 18.Nac4 Nxc4 19.Bxc4 Bd6 20.Re1 Qh6 21.g3 Ne5 22.Nxe4 Bg4
23.Nxd6+ Qxd6 24.Qxg4+ Nxg4 25.Be6+ Kb8 26.Bxg4 Qg6 27.Bf3 d2 28.Re4 Re8
29.Rxe8+ Qxe8 30.Rd1 Qe1+ 31.Kg2 b5 32.Bg4 Kc7 33.f4 Kd6 34.Bf3 Kc5 35.b3 a5
36.g4 b4 37.c4 Kd4 38.c5 Ke3  0-1

[Event "Open"]
[Site "Zagreb CRO"]
[Date "2007.03.18"]
[Round "2"]
[White "Stevic,H"]
[Black "Jelecevic,I"]
[Result "1-0"]
[WhiteElo "2495"]
[BlackElo "2161"]

1.e4 c5 2.c3 Nf6 3.e5 Nd5 4.d4 cxd4 5.Nf3 Nc6 6.cxd4 d6 7.Bc4 e6 8.O-O Be7
9.exd6 Qxd6 10.Nc3 O-O 11.Re1 a6 12.Bb3 Re8 13.Nxd5 exd5 14.Ne5 Be6 15.Bf4 Nxe5
16.Bxe5 Qd7 17.Qf3 Rac8 18.h3 Bf8 19.Re3 Rc6 20.Rae1 Rec8 21.Kh2 Rc1 22.Rxc1 Rxc1
23.Bf4 Rc8 24.Re5 Bd6 25.Rg5 Bxf4+ 26.Qxf4 h6 27.Rg3 Qc7 28.Qe3 Kf8 29.Qd2 b5
30.f4 Qd6 31.Bc2 b4 32.Bd3 a5 33.Rf3 Qc7 34.Rf1 f6 35.Re1 Bf7 36.Bf5 Re8
37.Rc1 Qd6 38.Kh1 Qe7 39.Bg4 Qe3 40.Qxe3 Rxe3 41.Bf3 Rd3 42.Rd1 Rxd1+ 43.Bxd1 Bg6
44.Bf3 Be4 45.Bxe4 dxe4 46.f5 Ke7 47.Kg1 Kd6 48.Kf2 Kd5 49.Ke3 a4 50.g4 Kc4
51.Kxe4 a3 52.bxa3 bxa3 53.d5 Kc5 54.h4 Kb5 55.Kd4 Kb6 56.Kc4  1-0

[Event "Interclubes Paulista"]
[Site "Sao Paulo BRA"]
[Date "2007.03.25"]
[Round "7"]
[White "Terao,R"]
[Black "Leitao,R"]
[Result "1/2-1/2"]
[WhiteElo "2207"]
[BlackElo "2604"]

1.e4 c5 2.c3 Nf6 3.e5 Nd5 4.d4 cxd4 5.Qxd4 e6 6.Nf3 Nc6 7.Qe4 d6 8.Bb5 Bd7
9.c4 Nb6 10.exd6 Bxd6 11.O-O a6 12.Rd1 axb5 13.Rxd6 bxc4 14.Nc3 Qe7 15.Rd1 O-O
16.Bf4 Rfc8 17.Rd2 Ra5 18.Re1 Be8 19.Bd6 Qf6 20.Qe3 Nd7 21.Ne4 Qg6 22.Bg3 Nf6
23.Nd6 Rca8 24.Nxc4 Rxa2 25.Na3 Qf5 26.Qb3 R2xa3 27.bxa3 Qa5 28.Qxb7 Qxa3
29.h3 h6 30.Ne5 Qa7 31.Qxa7 Rxa7 32.Rc2 Ne7 33.Rb1 Ra8 34.Rc7 Nf5 35.Rcb7 Nxg3
36.fxg3 Nd5 37.Rb8 Rxb8 38.Rxb8 Kf8 39.Rb7 g5 40.Kf2 Kg7 41.g4 Kf6 42.Nf3 Bc6
43.Ra7 Nf4 44.Ra5 Bd5 45.Ra6 Bb7 46.Rb6 Bd5 47.Ra6 Bb7 48.Rb6 Bd5  1/2-1/2

[Event "Vladimir Zak mem"]
[Site "St Petersburg RUS"]
[Date "2007.03.28"]
[Round "5"]
[White "Karalkin,M"]
[Black "Svidinsky,D"]
[Result "1-0"]
[WhiteElo "2287"]
[BlackElo "2016"]

1.e4 c5 2.c3 Nf6 3.e5 Nd5 4.Nf3 Nc6 5.Bc4 Nb6 6.Bb3 e6 7.O-O d6 8.exd6 Bxd6
9.Na3 O-O 10.Nb5 Be7 11.d4 cxd4 12.Nbxd4 Nxd4 13.Nxd4 a6 14.Qe2 Qc7 15.Re1 Bf6
16.Nf3 Nd5 17.Bg5 Bxg5 18.Nxg5 Nf6 19.Bc2 h6 20.Ne4 Nxe4 21.Qxe4 g6 22.Re3 Qc5
23.Rd1 Qf5 24.Qa4 b5 25.Qb3 Qc5 26.Be4 Rb8 27.h4 Bb7 28.Bxg6 fxg6 29.Qxe6+ Kh8
30.Qxg6 Qf5 31.Qxh6+ Qh7 32.Qd6 Qg7 33.Rg3 Qf6 34.Qc5 Qf5 35.Rd6  1-0

[Event "Spring Open"]
[Site "Belgrade SRB"]
[Date "2007.03.31"]
[Round "6"]
[White "Vujic,M"]
[Black "Andrejic,V"]
[Result "1-0"]
[WhiteElo "2283"]
[BlackElo "2197"]

1.e4 c5 2.c3 Nf6 3.e5 Nd5 4.Nf3 e6 5.d4 cxd4 6.cxd4 d6 7.Nc3 Nxc3 8.bxc3 Qc7
9.Bd2 Nc6 10.exd6 Bxd6 11.Bd3 b6 12.O-O Bb7 13.Re1 Ne7 14.Bb5+ Kf8 15.Bd3 Rc8
16.h3 Bf4 17.Ne5 Bxd2 18.Qxd2 f6 19.Nc4 Bd5 20.Ne3 Qxc3 21.Qe2 Qxd4 22.Rad1 Qe5
23.f4 Qd6 24.f5 g6 25.fxe6 Qc5 26.Kh1 Bxe6 27.Nc4 Bf7 28.Rc1 Re8 29.Qb2 Kg7
30.Ne5 Qd6 31.Nxf7 Kxf7 32.Bc4+ Kg7 33.Re6 Qf4 34.Rce1 Nd5 35.Bxd5 Rxe6 36.Bxe6 Re8
37.Qb3 Qf2 38.Rd1 Re7 39.Qd5 Qe2 40.Bg4 Qf2 41.Qd2 Qg3 42.Bf3 Qh4 43.Qd6 f5
44.Qd4+ Qxd4 45.Rxd4 Kf6 46.Kg1 Rc7 47.Rd2 h5 48.Rd6+ Ke5 49.Rxg6 Rc1+ 50.Kh2 Ra1
51.Bxh5 Rxa2 52.Bf3 b5 53.Rg7 b4 54.Rb7 a5 55.h4 Kf6 56.h5 Kg5 57.Rb6 Rd2
58.Kg3 Rc2 59.Rg6+  1-0

[Event "30th Open"]
[Site "San Sebastian ESP"]
[Date "2007.04.02"]
[Round "2"]
[White "Jerez Perez,A"]
[Black "Darrigues,A"]
[Result "1-0"]
[WhiteElo "2413"]
[BlackElo "1992"]

1.e4 c5 2.c3 Nf6 3.e5 Nd5 4.d4 cxd4 5.Nf3 Nc6 6.Bc4 Nb6 7.Bb3 e6 8.cxd4 d6
9.Qe2 Be7 10.O-O O-O 11.Nc3 Bd7 12.Bf4 d5 13.Rad1 a6 14.Bc2 f5 15.exf6 Bxf6
16.Bd6 Rf7 17.Ne5 Bxe5 18.dxe5 Nc4 19.Bb3 Nxd6 20.exd6 Na5 21.Nxd5 Nxb3 22.Ne7+ Rxe7
23.dxe7 Qxe7 24.axb3 Bb5 25.Qe5 Bxf1 26.Kxf1 Rc8 27.g3 Rc6 28.Rd3 Qc7 29.Qh5 g6
30.Qg5 Rd6 31.Rc3 Qd7 32.Qf4 Qd8 33.Rf3 Qe7 34.h4 Rd5 35.Qe4 Qd7 36.Kg2 Qd6
37.Re3 Kf7 38.h5 Qc6 39.g4 Rc5 40.Rf3+ Kg8 41.Qd4 Rd5 42.Qf6 Qe8 43.hxg6 Rd7
44.gxh7+ Rxh7 45.Re3 Qc6+ 46.Qf3 Rg7 47.Qxc6 bxc6 48.Kg3 Rg6 49.Re5 Kf7 50.Rc5 Rg8
51.Rxc6 Rb8 52.Rc3 Rb4 53.f3 Kf6 54.Re3 Rb5 55.Rd3 a5 56.Kf2 Rb4 57.Ke3 a4
58.bxa4 Rxa4 59.b3 Ra2 60.Kd4 Rc2 61.b4 Rb2 62.Kc4 Ke5 63.b5 Kf4 64.Rb3 Rc2+
65.Rc3 Rb2 66.Kc5 e5 67.b6  1-0

[Event "8th ch-Euro"]
[Site "Dresden GER"]
[Date "2007.04.03"]
[Round "1"]
[White "Zesch,L"]
[Black "Werle,J"]
[Result "0-1"]
[WhiteElo "2287"]
[BlackElo "2566"]

1.e4 c5 2.c3 Nf6 3.e5 Nd5 4.d4 cxd4 5.Nf3 e6 6.cxd4 b6 7.Bc4 Bb7 8.Bxd5 Bxd5
9.Nc3 Bb7 10.d5 Bb4 11.O-O Bxc3 12.bxc3 Bxd5 13.Ba3 Nc6 14.Nd4 Nxd4 15.Qxd4 Qg5
16.g3 Rc8 17.Qb4 Rc5 18.Qa4 Ra5 19.Qb4 f5 20.f4 Qd8 21.Qd6 Bc6 22.c4 Kf7
23.Rfd1 g5 24.Rd4 h5 25.Rad1 h4 26.fxg5 Qxg5 27.Bc1 Qg7 28.Qc7 Kg6  0-1

[Event "8th ch-Euro w"]
[Site "Dresden GER"]
[Date "2007.04.03"]
[Round "1"]
[White "Von Herman,B"]
[Black "Sharevich,A"]
[Result "0-1"]
[WhiteElo "2070"]
[BlackElo "2325"]

1.e4 c5 2.c3 Nf6 3.e5 Nd5 4.d4 cxd4 5.Nf3 e6 6.cxd4 Nc6 7.a3 d6 8.Bd3 dxe5
9.dxe5 Qc7 10.Qe2 Nxe5 11.O-O Nxd3 12.Qxd3 Be7 13.Nbd2 O-O 14.Ne4 f5 15.Ng3 Bd7
16.Bd2 Rad8 17.Rfe1 Qb6 18.Ne5 Bb5 19.Qf3 Bf6 20.Rac1 Bxe5 21.Rxe5 Qd4 22.Bc3 Nxc3
23.Qxc3 Qxc3 24.bxc3 Bc4 25.Ne2 Rd2 26.Nd4 Ra2 27.Ra5 a6 28.h3 b6 29.Ra4 Rc8
30.Rb1 b5 31.Ra5 Bd3 32.Rb3 e5 33.Nf3 Re2 34.Rxa6 b4 35.Ra7 bxc3 36.Rbb7 f4
37.Rxg7+ Kh8 38.Rac7 Rxc7 39.Rxc7 c2 40.Kh2 e4 41.Nd4 Rxf2 42.h4 Rf1 43.Nxc2 Rc1
44.Rc8+ Kg7 45.Rc7+ Kg8 46.Rc8+ Kf7 47.Rc7+ Ke8 48.Rc8+ Kd7 49.Rf8 Rxc2 50.Rxf4  0-1

[Event "8th ch-Euro"]
[Site "Dresden GER"]
[Date "2007.04.04"]
[Round "2"]
[White "Howell,D"]
[Black "Roiz,M"]
[Result "1/2-1/2"]
[WhiteElo "2501"]
[BlackElo "2605"]

1.e4 c5 2.c3 Nf6 3.e5 Nd5 4.Nf3 e6 5.d4 cxd4 6.Bc4 d6 7.cxd4 Nc6 8.O-O Be7
9.exd6 Qxd6 10.Nc3 O-O 11.Re1 a6 12.Bxd5 exd5 13.Ne5 Be6 14.Bf4 Nxe5 15.Bxe5 Qc6
16.Re3 Rfe8 17.Qf3 f6 18.Bf4 Bf8 19.Rae1 Bf7 20.Rxe8 Rxe8 21.Rxe8 Qxe8 22.h4 Qe6
23.Qe3 Qg4 24.Bg3 b5 25.Qf4 Qxf4 26.Bxf4 Be7 27.Bc7 Kf8 28.a4 bxa4 29.Nxa4 Be8
30.Nc5 Bb5 31.f3 Kf7 32.Kf2 h5 33.Nb7 Ke6 34.g4 g6  1/2-1/2

[Event "8th ch-Euro w"]
[Site "Dresden GER"]
[Date "2007.04.04"]
[Round "2"]
[White "Dolzhikova,K"]
[Black "Dembo,Y"]
[Result "0-1"]
[WhiteElo "2311"]
[BlackElo "2469"]

1.e4 c5 2.c3 Nf6 3.e5 Nd5 4.Nf3 Nc6 5.Na3 g6 6.Qb3 Nb6 7.d4 cxd4 8.cxd4 d5
9.exd6 Be6 10.Qd1 Qxd6 11.Nb5 Qd8 12.Be2 Bg7 13.Be3 O-O 14.O-O h6 15.Nc3 Nd5
16.Qd2 Kh7 17.Rac1 Rc8 18.Rfd1 Qa5 19.Nxd5 Qxd2 20.Nxd2 Bxd5 21.Bc4 Rcd8
22.Bxd5 Rxd5 23.Nf3 Rfd8 24.Re1 e6 25.g3 R8d7 26.Ne5 Bxe5 27.dxe5 Nxe5 28.Re2 Rd1+
29.Rxd1 Rxd1+ 30.Kg2 Nc6 31.Rc2 e5 32.b4 a6 33.a4 Rb1 34.Bd2 Kg7 35.Rc4 Kf6
36.h4 h5 37.Kf3 Ke6 38.Ke2 Nd4+ 39.Kd3 b5 40.axb5 Rb3+ 41.Rc3 Rxc3+ 42.Kxc3 axb5
43.Be3 Nf3 44.Kd3 Kd5 45.Bb6 e4+ 46.Ke3 Ne5 47.Bc5 f5 48.Bf8 Nd3 49.f3 Ne5
50.fxe4+ fxe4 51.Kf4 g5+ 52.Kxg5 e3  0-1

[Event "8th ch-Euro"]
[Site "Dresden GER"]
[Date "2007.04.04"]
[Round "2"]
[White "Lyell,M"]
[Black "Kaplan,S"]
[Result "1/2-1/2"]
[WhiteElo "2212"]
[BlackElo "2417"]

1.e4 c5 2.c3 Nf6 3.e5 Nd5 4.d4 cxd4 5.Nf3 e6 6.cxd4 b6 7.Bd3 Be7 8.Nc3 Nxc3
9.bxc3 Bb7 10.O-O d6 11.Bf4 Nc6 12.Re1 dxe5 13.Nxe5 Nxe5 14.Bxe5 O-O 15.Re3 f5
16.Qh5 Qe8 17.Qh3 Rc8 18.Rae1 Bd5 19.c4 Bxc4 20.Bxc4 Rxc4 21.Bxg7 Kxg7 22.Rxe6 Rf7
23.Qg3+ Kf8 24.Qe5 Kg8 25.h3 Qd7 26.Rxe7 Rxe7 27.Qxe7 Qxe7 28.Rxe7 a5 29.Rb7 Rxd4
30.Rxb6 Rd1+ 31.Kh2 Rd2 32.Rb5 Rxf2 33.Rxa5 Kg7 34.Kg3 Rf1 35.Ra6 f4+ 36.Kg4 Rf2
37.a4 h5+ 38.Kf5 f3 39.gxf3 Rxf3+ 40.Kg5 Rxh3  1/2-1/2

[Event "LIII Mexican Open"]
[Site "Aguascalientes MEX"]
[Date "2007.04.05"]
[Round "3"]
[White "Ramirez Garcia,J"]
[Black "Dominguez Aguilar,G"]
[Result "1/2-1/2"]
[WhiteElo "2218"]
[BlackElo "2376"]

1.e4 c5 2.c3 Nf6 3.e5 Nd5 4.Nf3 d6 5.d4 cxd4 6.cxd4 e6 7.Bc4 Nb6 8.Bd3 Nc6
9.O-O d5 10.Nc3 Be7 11.Be3 a6 12.Rc1 Bd7 13.Nd2 Rc8 14.Qg4 g6 15.Bh6 Na5
16.Nf3 Rc6 17.h4 Qc7 18.Ne2 Na4 19.Rxc6 Nxc6 20.b3 Nb6 21.h5 Nc8 22.Ng5 Bxg5
23.Bxg5 N8e7 24.Bf6 Rg8 25.Qg5 Qa5 26.Qh6 Qxa2 27.Qxh7 gxh5 28.Qxh5 Rf8 29.Bg7 Rg8
30.Bf6 Rf8 31.Bg7  1/2-1/2

[Event "8th ch-Euro"]
[Site "Dresden GER"]
[Date "2007.04.05"]
[Round "3"]
[White "Michalczak,T"]
[Black "Gordon,S"]
[Result "1/2-1/2"]
[WhiteElo "2332"]
[BlackElo "2486"]

1.e4 c5 2.c3 Nf6 3.e5 Nd5 4.Nf3 e6 5.d4 cxd4 6.cxd4 d6 7.Bc4 Nc6 8.O-O Be7
9.exd6 Qxd6 10.Nc3 O-O 11.Re1 Rd8 12.Bb3 Nf6 13.Nb5 Qb8 14.g3 b6 15.Bf4 Qb7
16.Nc7 Rb8 17.Nb5 Ra8 18.Nc7 Nh5 19.Nxa8 Nxf4 20.gxf4 Bb4 21.Re3 Ne7 22.Ng5 h6
23.Qh5 hxg5 24.Rh3 Ng6 25.Rc1 Qe4 26.Nc7 Bd2 27.Qh7+ Kf8 28.Bc2 Qc6 29.Rc3 Bxc3
30.Bxg6 Qxc7 31.Rxc3 Qxf4 32.Bh5 Bb7 33.Qh8+ Ke7 34.Qxg7 Rxd4 35.Qxf7+ Qxf7
36.Rc7+ Rd7 37.Rxd7+ Kxd7 38.Bxf7 Kd6 39.Kf1 Bf3 40.Ke1 Ke5 41.Kd2 Bd5 42.a3 Kf4
43.Bh5 Bf3 44.Be8 Be4 45.Ke2 Kg4 46.Bd7 Bf5 47.Kf1 Bd3+ 48.Kg1 Bc4 49.b4 Bd5
50.a4 Kf4 51.a5 Ke5 52.axb6 axb6 53.h3 Kf4 54.Kh2 e5 55.Kg1 Bf3 56.Kh2 Bh5
57.Kg2 e4 58.Bc6 Bf7 59.Bd7 Bg6 60.Bc6 Bf5 61.Be8 Be6 62.Bc6 Bc4 63.Bd7 Bd5
64.Kh2 Kf3 65.Kg1 Ke2 66.Bb5+ Ke1 67.Bd7 Ke2 68.Bb5+ Kd2 69.Bd7 Kc3 70.b5 Kd4
71.Kh2 Ke5 72.Kg3 Bc4 73.Kg4 Kf6 74.h4 Be2+ 75.Kg3 gxh4+ 76.Kxh4 Ke5 77.Kg5 Bc4
78.Be8 e3 79.fxe3 Ke4 80.Kf6 Bxb5  1/2-1/2

[Event "8th ch-Euro"]
[Site "Dresden GER"]
[Date "2007.04.05"]
[Round "3"]
[White "Karpatchev,A"]
[Black "Koepke,C"]
[Result "1-0"]
[WhiteElo "2478"]
[BlackElo "2285"]

1.e4 c5 2.c3 Nf6 3.e5 Nd5 4.d4 cxd4 5.cxd4 d6 6.Bc4 Nb6 7.Bb5+ Nc6 8.Nf3 dxe5
9.Nxe5 Bd7 10.Nc3 Nxe5 11.dxe5 Bxb5 12.Nxb5 Qxd1+ 13.Kxd1 Rd8+ 14.Ke2 Nc4
15.Bf4 e6 16.Rac1 Nxb2 17.Rc7 Na4 18.Rhc1 Bc5 19.Bg5 Rd5 20.Rc8+ Kd7 21.Rc7+ Ke8
22.f4 h6 23.Bh4 g5 24.Bf2 Be7 25.Rxb7 Kf8 26.Rcc7 Rh7 27.Nxa7 Bd8 28.Rc4 Ba5
29.Rxa4 Rd2+ 30.Kf3 g4+ 31.Ke3 Bc3 32.Bh4 Kg7 33.Nb5 Rb2 34.Nd6 Rxg2 35.Rxf7+ Kg6
36.Rf6+ Kh5 37.Bg3 Rc7 38.Nf7 Bd4+ 39.Ke4 Re2+ 40.Kd3 Re3+ 41.Kd2  1-0

[Event "8th ch-Euro w"]
[Site "Dresden GER"]
[Date "2007.04.05"]
[Round "3"]
[White "Richards,H"]
[Black "Kursova,M"]
[Result "0-1"]
[WhiteElo "2220"]
[BlackElo "2310"]

1.e4 c5 2.c3 Nf6 3.e5 Nd5 4.Nf3 e6 5.d4 cxd4 6.cxd4 d6 7.Bc4 Nc6 8.O-O Be7
9.Qe2 O-O 10.Rd1 a6 11.Nc3 Nxc3 12.bxc3 dxe5 13.dxe5 Qc7 14.h4 b5 15.Bd3 Bb7
16.Bg5 g6 17.Bh6 Rfd8 18.h5 Na5 19.Ng5 Nc4 20.hxg6 hxg6 21.Nxe6 Qc6 22.Nf4 Kh7
23.e6 Kxh6 24.exf7 Bg5 25.Qg4 Bxf4 26.Qxf4+ Kg7 27.Bf1 Rxd1 28.Rxd1 Rf8 29.a4 Rxf7
30.axb5 axb5 31.Qe4 Qf6 32.Qe7 Ne5 33.Bxb5 Qg5 34.Rf1 Bxg2 35.Be2 Bf3+  0-1

[Event "8th ch-Euro"]
[Site "Dresden GER"]
[Date "2007.04.06"]
[Round "4"]
[White "Zhigalko,S"]
[Black "Karjakin,Sergey"]
[Result "1/2-1/2"]
[WhiteElo "2539"]
[BlackElo "2678"]

1.e4 c5 2.c3 Nf6 3.e5 Nd5 4.Nf3 Nc6 5.d4 cxd4 6.cxd4 d6 7.Bc4 Nb6 8.Bb5 dxe5
9.Nxe5 Bd7 10.Nxd7 Qxd7 11.Nc3 e6 12.O-O Rd8 13.Bg5 Be7 14.Bxe7 Qxe7 15.Qf3 O-O
16.Bxc6 bxc6 17.Qxc6 Rxd4 18.Rad1 Rxd1 19.Rxd1 Rc8 20.Qb5 h6 21.h3 Rc5 22.Qb4 Qc7
23.Qd4 Nd5 24.Nxd5 Rxd5 25.Qa4 Ra5 26.Qb3 a6 27.a4 Rc5 28.Qd3 Rd5 29.Qe2 a5
30.Rxd5 exd5 31.Qe3 Qc6  1/2-1/2

[Event "8th ch-Euro"]
[Site "Dresden GER"]
[Date "2007.04.06"]
[Round "4"]
[White "Godena,M"]
[Black "Ris,R"]
[Result "1/2-1/2"]
[WhiteElo "2530"]
[BlackElo "2403"]

1.e4 c5 2.c3 Nf6 3.e5 Nd5 4.Nf3 Nc6 5.d4 cxd4 6.cxd4 d6 7.Bc4 Nb6 8.Bb5 dxe5
9.Nxe5 Bd7 10.Nxd7 Qxd7 11.Nc3 Rd8 12.O-O e6 13.Be3 Be7 14.Qg4 O-O 15.Rad1 g6
16.d5 Nxd5 17.Bxa7 Qc7 18.Nxd5 exd5 19.Be3 Bf6 20.b3 d4 21.Bh6 Rfe8 22.a4 Qd6
23.h3 Re6 24.Qf3 Rde8 25.Rc1 Bg7 26.Bf4 Be5 27.Bxc6 bxc6 28.Bxe5 Qxe5 29.Rxc6 Rxc6
30.Qxc6 d3 31.Rd1 Rd8 32.Qc1 Qe6 33.Qc7 Rc8 34.Qb7 Rc3 35.Qb8+ Kg7 36.Qf4 Rxb3
37.Qd4+ Qf6 38.Rxd3 Rxd3 39.Qxd3 Qa1+  1/2-1/2

[Event "8th ch-Euro"]
[Site "Dresden GER"]
[Date "2007.04.06"]
[Round "4"]
[White "Kersten,U"]
[Black "Starostits,I"]
[Result "0-1"]
[WhiteElo "2311"]
[BlackElo "2472"]

1.e4 c5 2.c3 Nf6 3.e5 Nd5 4.Nf3 Nc6 5.d4 cxd4 6.Bc4 Nb6 7.Bb3 d5 8.exd6 e6
9.cxd4 Bxd6 10.Nc3 O-O 11.O-O Nb4 12.Re1 Be7 13.a3 N4d5 14.Qd3 Bd7 15.Bc2 g6
16.Bh6 Re8 17.Ne5 Nxc3 18.bxc3 Bc6 19.Qh3 Bd5 20.Bf4 f5 21.Re3 Bh4 22.Rg3 Qf6
23.Ng4 fxg4 24.Rxg4 Bxf2+ 25.Kxf2 e5 26.dxe5 Rxe5 27.Kg1 Re2 28.Bd3 Qxc3
29.Rf1 Re1 30.Rxe1 Qxe1+ 31.Bf1 Bc4 32.Qf3 Rf8  0-1